banner koha

Screening for inhibitory activity of volatile oils from Piper spp. on acetylcholinesterase and α-glucosidase (Registro n. 338283)

MARC details
000 -LÍDER
fixed length control field 04449nab a2200313 i 4500
003 - CÓDIGO MARC DA AGÊNCIA CATALOGADORA
Campo de controle BR-BrBNA
005 - DATA E HORA DA ÚLTIMA ATUALIZAÇÃO
Campo de controle 20250919173124.0
008 - CAMPO DE TAMANHO FIXO
fixed length control field 250919b2021 bl.ar|pooa||| 00| 0 eng |
040 ## - FONTE DA CATALOGAÇÃO
Agência catalogadora BR-BrBNA
Idioma da catalogação eng
072 ## - CATEGORIA AGRIS
Código AGRIS F60
100 ## - ENTRADA PRINCIPAL - NOME PESSOAL
Nome pessoal Silva, Luiz Everson da
100 ## - ENTRADA PRINCIPAL - NOME PESSOAL
Nome pessoal Confortin, Camila
100 ## - ENTRADA PRINCIPAL - NOME PESSOAL
Nome pessoal Amaral, Wanderlei do
100 ## - ENTRADA PRINCIPAL - NOME PESSOAL
Nome pessoal Alberton, Michele Debiasi
100 ## - ENTRADA PRINCIPAL - NOME PESSOAL
Nome pessoal Paim, Milena
100 ## - ENTRADA PRINCIPAL - NOME PESSOAL
Nome pessoal Santos, Sarah Castro dos
100 ## - ENTRADA PRINCIPAL - NOME PESSOAL
Nome pessoal Rebelo, Ricardo Andrade
245 ## - TÍTULO PRINCIPAL
Título principal Screening for inhibitory activity of volatile oils from Piper spp. on acetylcholinesterase and α-glucosidase
500 ## - NOTA GERAL
Nota geral Publicação on-line; 17 ref.; 1 table; Summaries (En, Pt)
942 ## - ADDED ENTRY ELEMENTS (KOHA)
Koha item type Analítica
520 ## - NOTA DE RESUMO
Nota de conteúdo <br/><br/>Abstract<br/><br/>The Atlantic Forest is regarded a rich source of aromatic plants with a broad spectrum of biological properties.<br/>The leaves of seven Piper species were collected from the Atlantic Forest domain in the coastal region of Paraná<br/>state in winter (W) and spring (S). The volatile oils were extracted from the leaves through hydrodistillation<br/>method. The volatile oils were characterized by means of GC-FID and GC-MS. Sesquiterpenes were among<br/>the major compounds in all species studied, with many dozens of representatives. However, very low<br/>concentrations of monoterpenes were observed; α-pinene in Piper mosenii and P. cernuum, δ-3-carene in P.<br/>rivinoides, camphene and β-pinene in P. cernuum are exceptions. The arylpropanoides myristicine and elemicin<br/>were found in considerable amount in P. diospyrifolium (26.2%/S) and P. mosenii (16.4%/W), respectively.<br/>These oils were also screened for inhibitory activities against acetylcholinesterase (AChE) and α-glucosidase<br/>(AG). For AChE the most active samples were P. diospyrifolium, P. aduncum and P. cernuum, with inhibiting<br/>level > 93%. For the less sensitive AG, the most promising candidates were P. diospyrifolium and P. mosenii,<br/>with inhibiting level > 65%. These results highlight the importance of native plants as renewable source of<br/>new inhibitors for AChE and AG. Further investigation is required to identify the most active constituents<br/>or fractions from the selected volatile oils.<br/><br/>Key words: α-glucosidase, acetylcholinesterase, chemical composition, in vitroassays, Piper spp.,volatile oils.<br/><br/><br/><br/><br/><br/>Resumo<br/><br/>A Floresta Atlântica é considerada uma rica fonte de plantas aromáticas com amplo espectro de propriedades<br/>biológicas. Na busca de novos inibidores da acetilcolinesterase (AChE) e α-glicosidase (AG), folhas de<br/>diferentes espécies de Piper localizadas na Floresta Atlântica no litoral do Paraná - Brasil, foram submetidas a<br/>hidrodestilação e seus óleos voláteis caracterizados por CG-DIC e CG-EM. A coleta ocorreu em duas estações<br/>distintas, inverno (I) e primavera (P), de 7 diferentes espécies. Sesquiterpenos foram identificados entre os<br/>compostos majoritários em todas as espécies estudadas, com dezenas de representantes. No entanto, foram<br/>observadas baixas concentrações de monoterpenos; α-pinene in Piper mosenii and P. cernuum, δ-3-carene in<br/>P. rivinoides, camphene and β-pinene in P. cernuum são exceções. Os arilpropanoides miristicina e elemicina<br/>foram identificadas em quantidades significativas em P. diospyrifolium (26.2%/P) e P. mosenii (16.4%/I),<br/>respectivamente. Para a AChE as amostras mais ativas foram P. diospyrifolium, P. aduncum e P. cernuum, <br/>com níveis de inibição > 93%. Para a AG, que se mostrou menos sensível às amostras, os candidatos mais<br/>promissores foram P. diospyrifolium e P. mosenii, ambos com níveis de inibição > 65%. Esses resultados <br/>destacam a importância das plantas nativas como fontes renováveis de novos inibidores para AChE e AG.<br/>Estudos adicionais se fazem necessários para identificar os constituintes ou frações mais ativas dos óleos<br/>voláteis selecionados.<br/><br/>Palavras-chave: α-glicosidase, acetilcolinesterase, composição química, ensaios in vitro, Piper spp., óleos<br/>voláteis.
650 ## - ASSUNTO - THESAGRO
Cabeçalho tópico ou nome geográfico ENZIMA
650 ## - ASSUNTO - THESAGRO
Cabeçalho tópico ou nome geográfico COMPOSIÇÃO QUÍMICA
650 ## - ASSUNTO - THESAGRO
Cabeçalho tópico ou nome geográfico CULTURA IN VITRO
650 ## - ASSUNTO - THESAGRO
Cabeçalho tópico ou nome geográfico PIPERACEAE
773 0# - ENTRADA ANALÍTICA
Host Biblionumber 709
Registro do item 357347
Imprenta Rio de Janeiro-RJ Jardim Botanico do Rio de Janeiro 1935
Outro identificador 2025-5311
Título Rodriguésia (Brazil)
ISSN 0370-6583; 2175-7860 on-line
Colação v. 72 p. 1-5; (2021)
Número de controle de registro BR2025002338
856 ## - ACESSO E ENDEREÇO ELETRÔNICO
Identificador uniforme de recurso - URI https://www.scielo.br/j/rod/a/HVFM3xGLqhQLQxy88khMXYw/?format=pdf&lang=en

Nenhum exemplar disponível.

BINAGRI

Telefone: (61)3218-2567/2388/3357/2097 - binagri@agro.gov.br

Ministério da Agricultura e Pecuária , Esplanada dos Ministérios, Bloco D, Anexo B, Brasília/DF, CEP: 70.043-900